000 00356nam a2200133Ia 4500
008 240624s9999 xx 000 0 und d
041 _aeng
082 _a332.092 MEA
100 _aMEANS HOWARD
245 _aMONEY AND POWER THE HISTORY OF BUSINESS
260 _c2001
_aNew York
_bJohn Wiley and Sons
300 _axiii, : 274 : p. : cm. ; 23
365 _c
_b35
999 _c8180
_d8180